LEADER 01559nam a2200325 i 4500 001 000000174080 003 CaOOAMICUS 005 20080818000000.0 008 080818s2003 it u000 u ita u 013 $a151538 020 $a88-14-10424-7 040 $aSeMil$bita 100 1 $aCentro studi sugli enti ecclesiastici.$0(OLS)http://semarc/name/19753 245 10$aCodice dei beni culturali di interesse religioso /$ca cura di M. Renna, Valentina M. Sessa, M. Vismara Missiroli. 250 $aAggiornato alla G.U. del 31 maggio 2003. n. 125. 260 $aMilano :$bGiuffrè,$ccopyr. 2003. 300 $aVIII, 939 p. ;$c22 cm + 1 Cd-Rom. 490 0 $aFonti di diritto ecclesiastico e canonico 500 $aIn testa al front.: CESEN, Centro Studi sugli Enti ecclesiastici. 650 4$aBeni culturali ecclesiastici - Legislazione - Italia.$0(OLS)http://semarc/subject/21167 700 1 $aVismara Missiroli, Maria.$0(OLS)http://semarc/name/33789 700 1 $aSessa, Valentina M.$0(OLS)http://semarc/name/65007 700 1 $aRenna, Mauro.$0(OLS)http://semarc/name/52584 830 0$aFonti di diritto ecclesiastico e canonico.$0(OLS)http://semarc/title/5651 850 $aSeMil 852 $aSeMil$W1$xVenegono$y1$mSL1.N VI 44$j258043$B124925$CSeMilBibl$Z2$F138694 $8I 961 $aAcquisto: DEA 996 $6020$a88-14-10424-7$9(OLS)http://semarc/number/161905 996 $6245$aCodice dei beni culturali di interesse religioso$9(OLS)http://semarc/title/249499 996 $6260$aMilano :$bGiuffrè$9(OLS)http://semarc/publisher/29926 LEADER 01217nam a2200241 i 4500 001 000000053258 003 CaOOAMICUS 005 20120920000000.0 008 120920s1968 xx u000 u ger u 013 $a24430 040 $aSeMil$bita 245 10$aEcclesia et ius :$bFestgabe für Audomar Scheuermann zum 60. Geburtstag /$cdargebracht von seinen Freunden und Schülern ; hrsg. von Karl Siepen, Joseph Weitzel und Paul Wirth. 260 $aMünchen ; Paderborn ; Wien :$bFerdinand Schöningh,$c1968. 300 $aXV, 784 p., [1] c. di tav. :$britr. ;$c25 cm. 650 4$aDiritto canonico - Studi.$0(OLS)http://semarc/subject/1680 700 1 $aScheuermann, Audomar.$0(OLS)http://semarc/name/26294 700 1 $aWirth, Paul.$0(OLS)http://semarc/name/26297 700 1 $aWeitzel, Joseph.$0(OLS)http://semarc/name/26296 700 1 $aSiepen, Karl.$0(OLS)http://semarc/name/26295 850 $aSeMil 852 $aSeMil$W1$xVenegono$y1$m2H IV 104$j19412$B19412$CSeMilBibl$Z2$F19414 $81 996 $6245$aEcclesia et ius :$bFestgabe für Audomar Scheuermann zum 60. Geburtstag$9(OLS)http://semarc/title/82009 996 $6260$aMünchen ; Paderborn ; Wien :$bFerdinand Schöningh$9(OLS)http://semarc/publisher/34975